Analytic continuation of the irreducible unitary representations of the universal covering group of SL(2,R)

Αποθηκεύτηκε σε:
Λεπτομέρειες βιβλιογραφικής εγγραφής
Κύριος συγγραφέας: Sally, Paul
Μορφή: Βιβλίο
Γλώσσα:English
Δημοσίευση: Providence, R.i. : American Mathematical Society, 1967
Σειρά:Memoirs of the American Mathematical Society ; ; 69
Θέματα:
Ετικέτες: Προσθήκη ετικέτας
Δεν υπάρχουν, Καταχωρήστε ετικέτα πρώτοι!

MARC

LEADER 00000nam a2200000 i 4500
001 1/27234
008 960423s1967 eng d
035 |a 1993  |l 10037776 
040 |a GR-MY-UA  |b gre  |e aacr 
041 0 |a eng 
082 0 |a 514.2 
100 1 |a Sally, Paul. 
245 1 0 |a Analytic continuation of the irreducible unitary representations of the universal covering group of SL(2,R) /  |c by Paul H. Salley 
260 |a Providence, R.i. :   |b American Mathematical Society,   |c 1967 
300 |a 94 p.;  |c 26 cm. 
490 1 |a Memoirs of the American Mathematical Society  |v ; 69 
504 |a Bibliography p. 93-94 
650 0 0 |a Algebraic topology. 
830 0 |a Memoirs of the American Mathematical Society ;  |v ; 69 
852 |a INST  |b SAMOS  |e 19960423  |h 514.2 SAL  |p 005300002707  |q 005300002707  |t BK  |y 0 
909 |a Σ  |b 030538